A responsabilidade civil e a sua grassa no direito contemporńeo volume I

Detalles Bibliográficos
Autor principal: Rodrigues Barbosa, Miguel Dehon
Formato: eBook
Lenguaje:portugués
Publicado: Rio de Janeiro: Editora Processo, 2020
Materias:
Acceso en línea:Acceso restringido

MARC

LEADER 00000nam a22000007a 4500
005 20220718222249.0
007 cr|||| ||||
008 220718s2020 br |||||s|||| 00||0 por d
020 |a 978-85-93741-64-7 
035 |a 36723 
040 |a vLex 
090 |c 13574  |d 13574 
100 1 |a Rodrigues Barbosa, Miguel Dehon 
245 1 1 |a A responsabilidade civil e a sua grassa no direito contemporńeo  |h [Recurso electrn̤ico] /  |c Miguel Dehon Rodrigues Barbosa  |n volume I 
256 |a Servicio en ln̕ea 
260 |a Rio de Janeiro:  |b Editora Processo,  |c 2020 
300 |a 1 recurso electrn̤ico 
500 |a A obra escrita pelo Professor Miguel Dehon, a que tenho a honra de prefaciar, segue um plano didt̀ico que foi sutilmente imaginado pelo autor, para ser lida prazerosamente do inc̕io ao fim. Para isso, o iminente mestre valeu-se de toda experin̊cia que amealhou ministrando aulas e confern̊cias por longos anos. Assim, em que pese algumas complexidades da temt̀ica que decorrem do conted︢o da disciplina Responsabilidade Civil, tudo foi disposto com simplicidade, objetividade e eficin̊cia, que nô enseja quaisquer dv︢idas a quem ler, mesmo sendo nef̤ito na matřia. Por outro lado, nô se peca em acrescentar que, nesta obra, o autor revela longa experin̊cia de ensino superior, com elevados conhecimentos da disciplina e impecv̀el pedagogia em benefc̕io dos estudiosos do direito. Sente-se que a obra de Miguel Dehon foi escrita para satisfazer prioritariamente aqueles que se ressentem de informaė̳s abalizadas dentro da esfera de composiȯ̂ do dano, algumas vezes tentando superar avaliaė̳s acadm̊icas, ou, em outras, utilizando-se de tais ensinamentos para a sagrada missô de aplicar o direito. É justamente nessa linha de raciocn̕io que devemos enquadrar a grande contribuiȯ̂ do Prof. Miguel Dehon, para compreender a sua preocupaȯ̂ de apresentar uma pesquisa valorizada nô s ̤pela originalidade de suas fontes, mas tambm̌, pelo que existe de mais nobre na dogmt̀ica das obrigaė̳s. Alm̌ disso, o autor valeu-se de exemplos especiais e pitorescos, verdadeiros acepipes a aguȧr o apetite do leitor. Em outras passagens de sua obra, utilizou-se de composiė̳s de nossos melhores menestrǐs, tudo sob medida para adocicar o espr̕ito de quem perscruta sua obra, disposto como quebra do plano pedagg̤ico, visando uma posterior retomada deste com mais vigor e concentraȯ̂. 
506 1 |a Disponible solo en los productos indicados  |d vLex Global  |d vLex Global (Academic Edition, excluding Law Schools)  |d vLex Global (U.S. Academic Edition, Law Schools)  |d vLex Global (U.S. Academic Edition, excluding Law Schools)  |d vLex Global (Academic Edition, Law Schools) 
650 0 4 |a Derecho Civil  |z Brasil 
740 0 |a vLex Libros (Servicio en ln̕ea) 
856 4 0 |u https://app.vlex.com/#/sources/36723  |z Acceso restringido 
942 |c BOOK 
999 0 |a Civil Law